| 000 | 00356nam a22001577a 4500 | ||
|---|---|---|---|
| 999 |
_c524543 _d524543 |
||
| 003 | NUST | ||
| 020 | _c891.4332 | ||
| 022 | _a(Hbk) | ||
| 038 | _aM. Shaban | ||
| 082 |
_a891.4332 _bSHE |
||
| 100 |
_aSheikh, Awais _915351 |
||
| 245 |
_aSamjhota express / _c Awais Sheikh |
||
| 260 |
_aPatiala -; _bMardan House , |
||
| 300 | _a148 p. ; | ||
| 942 |
_2ddc _cBK |
||